|
|
|
|
| LEADER |
00000cab a2200000 a 4500 |
| 001 |
vtls000226916 |
| 003 |
SK-MaSNL |
| 005 |
20260304210117.0 |
| 008 |
180130|1985 xo | || || 0| ukr |
| 015 |
|
|
|a SNBRB19rr/mm-uuuuu
|
| 035 |
|
|
|a CL0237030
|
| 040 |
|
|
|a SNKBUCL
|b slo
|c SNKBUCL
|e AACR2
|
| 041 |
0 |
|
|a ukr
|
| 044 |
|
|
|a xo
|c SK
|
| 080 |
|
|
|a 883 (437)-1=83
|2 1981
|
| 100 |
1 |
|
|a Herman, Melanija
|4 aut
|9 888960
|
| 245 |
1 |
0 |
|a Tryptych pro družbu
|c Melanija Herman
|
| 655 |
|
7 |
|a články z novín a časopisov
|2 snkbucl
|9 267496
|
| 655 |
|
7 |
|a články z odboru literárna veda a krásna literatúra
|2 snkbucl
|9 770045
|
| 655 |
|
7 |
|a ukrajinská poézia
|2 snkbucl
|9 70502
|
| 773 |
0 |
|
|t Nove žyttja
|g Roč. 35, č. 19 (1985), s. 7
|
| 850 |
|
|
|a Slovenská národná knižnica
|
| 852 |
|
|
|a Slovenská národná knižnica
|
| 958 |
|
|
|a RK
|
| 958 |
|
|
|a LX
|
| 958 |
|
|
|a UK
|
| 992 |
|
|
|a RBX
|
| 999 |
|
|
|c 3124539
|d 3126469
|